000 01318nam a2200205Ia 4500
003 Ost
005 20260507075637.0
008 260507s9999||||xx |||||||||||||| ||und||
040 _cfsecg
041 _aara
082 _a350.722
100 _aشكري، فهمي محمود
_eمؤلف
245 0 _aالنظرة المستقبلية لتكامل الموازنة العامة والخطط القومية للتنمية /
_c فهمي محمود شكري
260 _aعمان:
_bالمنظمة العربية للعلوم الادارية,
_c1980
300 _a47 صفحة؛
_c24 سم
520 _aالتخطيط الاقتصادي و الموازنة في المعسكر الاشتراكي و كذا علاقته بالموازنة في النظام الرأسمالي و في النظام المختلط و التطرق الى معنى الموازنة و خصائصها و مستقبل الموازنة العامة و تحقيق التنمية في عقد الثمانينات و تناول المدخل الى تطوير الموازنة و نظام اتلبرامج كأسلوب لتحقيق التكامل مع خطط التنمية و دور النظام المحاسبي الحكومي في تحقيق التكامل.
653 _aالتنمية
653 _aالميزانية
942 _cكتاب
999 _c45320
_d45320